| Tag |
First Indicator |
Second Indicator |
Subfields |
| LEADER |
00000cam a22000008i 4500 |
| 001 |
in00003462421 |
| 005 |
20210508063117.0 |
| 008 |
140515s2014 nyu b 001 0 eng |
| 010 |
|
|
|a 2014009910
|
| 020 |
|
|
|a 9781137412553 (alk. paper)
|
| 020 |
|
|
|a 1137412550 (alk. paper)
|
| 035 |
|
|
|a (OCoLC)ocn880349764
|
| 035 |
|
|
|a (OCoLC)880349764
|
| 040 |
|
|
|a DLC
|b eng
|e rda
|c DLC
|d BDX
|d YDXCP
|d BTCTA
|d OCLCO
|d UtOrBLW
|
| 042 |
|
|
|a pcc
|
| 049 |
|
|
|a TXAM
|
| 050 |
0 |
0 |
|a PN1992.77.S84
|b S875 2014
|
| 082 |
0 |
0 |
|a 791.45/72
|2 23
|
| 245 |
0 |
0 |
|a Supernatural, humanity, and the soul :
|b on the highway to hell and back /
|c edited by Susan A. George and Regina M. Hansen.
|
| 264 |
|
1 |
|a New York, NY :
|b Palgrave Macmillan,
|c 2014.
|
| 300 |
|
|
|a 223 pages ;
|c 23 cm :
|b illustrations.
|
| 336 |
|
|
|a text
|b txt
|2 rdacontent
|
| 337 |
|
|
|a unmediated
|b n
|2 rdamedia
|
| 338 |
|
|
|a volume
|b nc
|2 rdacarrier
|
| 504 |
|
|
|a Includes bibliographical references and index.
|
| 505 |
0 |
|
|a Introduction / Regina M. Hansen and Susan A. George -- Religion, theology, and philosophy through a Supernatural lens. Deconstructing the apocalypse?: Supernatural's appropriation of angelic hierarchies / Regina M. Hansen -- The greatest of these: the theological virtues and the problem of an absent God in Supernatural / Elisabeth G. Wolfe -- Suffering nuclear reactors: depictions of the soul from Plato to Supernatural / Patricia Grosse -- "We're just . . . food and perverse entertainment": Supernatural's new gods and the narrative objectification of Sam and Dean / K T Torrey -- "Killing evil things" or not? Supernatural's complex considerations of monstrosity. All dogs come from hell: Supernatural's canine connection / Sharon D. King -- This isn't Wall Street, this is Hell!: corporate America as the biggest Supernatural bad of all / Erin Giannini -- The hunter hunted: the portrayal of the fan as predator in Supernatural / Cait Coker and Candace Benefiel -- "A shot on the devil": women hunters and the identification of evil in Supernatural / Ralph Beliveau and Laura bolf-Beliveau -- All that glitters: the Winchester boys and fairy tales / Rebecca-Anne C. Do Rozario -- Men, women, and Supernatural. A man and his 1967 Impala: Supernatural, U.S. car culture, and the masculinity of Dean Winchester / Susan A. George -- "How is that not rape-y": Dean as the anti-bella and feminism without women in Supernatural / Rhonda Nicol -- God, the devil, and John Winchester: failed patriarchal families in Supernatural / Charlotte E. Howell -- Who's your daddy?: father trumps fate in Supernatural / Lugene Rosen -- Metal and rust: postindustrial white masculinity and Supernatural's classic rock canon / Gregory J. Robinson.
|
| 630 |
0 |
0 |
|a Supernatural (Television program : 2005-2020)
|
| 650 |
|
0 |
|a Religion on television.
|
| 700 |
1 |
|
|a George, Susan A.,
|d 1959-
|e editor.
|
| 700 |
1 |
|
|a Hansen, Regina,
|e editor.
|
| 948 |
|
|
|a cataloged
|b h
|c 2014/9/15
|d c
|e cproctor
|f 9:55:50 AM
|
| 994 |
|
|
|a C0
|b TXA
|
| 999 |
|
|
|a MARS
|
| 999 |
f |
f |
|s 455c7314-accd-355c-bfe7-4d37e2dc005b
|i a9ad9194-a064-34a9-9c6b-d1118eeaf5cb
|t 0
|
| 952 |
f |
f |
|p noncirc
|a Texas A&M University
|b College Station
|c Cushing Memorial Library & Archives
|d Cushing: Science Fiction (Does not check out)
|t 0
|e PN1992.77 S84 S875 2014
|h Library of Congress classification
|i unmediated -- volume
|m A14853080152
|
| 952 |
f |
f |
|p normal
|a Texas A&M University
|b College Station
|c Sterling C. Evans Library
|d Evans: Library Stacks
|t 0
|e PN1992.77.S84 S875 2014
|h Library of Congress classification
|i unmediated -- volume
|m A14842726417
|
| 998 |
f |
f |
|a PN1992.77.S84 S875 2014
|t 0
|l Evans: Library Stacks
|
| 998 |
f |
f |
|a PN1992.77 S84 S875 2014
|t 0
|l Cushing: Science Fiction (Does not check out)
|